Western Balkan integration and the EU <an> agenda for trade and growth

Saved in:
Bibliographic Details
Other Authors: Kathuria, Sanjay
Format: Book
Language:English
Published: Washington, D.C. <The> World Bank 2008
Series:Directions in development
Subjects:
Tags: Add Tag
No Tags, Be the first to tag this record!

MARC

LEADER 00000nam$a2200000$$$4500
001 0078586
005 20240315115747.9
020 |a 978-0-8213-7472-6 
041 0 |a eng 
044 |a US 
245 1 0 |a Western Balkan integration and the EU  |b <an> agenda for trade and growth  |c Sanjay Kathuria, Editor 
264 1 |a Washington, D.C.  |b <The> World Bank  |c 2008 
300 |a 155 s. 
490 1 |a Directions in development 
830 0 |a Directions in development 
610 2 0 |a situácia hospodárska 
610 2 0 |a makroekonomika 
610 2 0 |a účty bežné 
610 2 0 |a anarchizmus 
610 2 0 |a obchod 
610 2 0 |a práca 
610 2 0 |a konkurencieschopnosť 
610 2 0 |a náklady práce 
610 2 0 |a integrácia ekonomická medzinárodná 
610 2 0 |a služby 
610 2 0 |a rast hospodársky 
610 2 0 |a investície súkromné 
610 2 0 |a štúdie prípadové 
610 2 0 |a Balkán 
610 2 0 |a Európska únia 
700 1 |a Kathuria, Sanjay